00463nam a2200205Ia 4500008004100000020001800041050001600059100001700075245002700092245002000119260001500139260001600154260000900170300001600179300002000195300001000215300001800225440000600243500000800249170918s9999 xx 000 0 und d a9780545308328 bA134un 2012 aAbbott, Tony aWhen monsters escape / cby Tony Abbott. aNew York : bScholastic, c2012 a103 pages : billustrations ; c19cm. eUnderworlds ; a2 a730